Countries of South America in Morse Code - Map Quiz - Statistics

General Stats
  • This quiz has been taken 70 times
  • The average score is 8 of 12
Answers on the Map
Answers color-coded by a green-red scale on the quiz's map according to % correct below.
 
Answer Stats
Answer % Correct
..- .-. ..- --. ..- .- -.--
72%
.- .-. --. . -. - .. -. .-
72%
-… --- .-.. .. …- .. .-
72%
.--. . .-. ..-
72%
-… .-. .- --.. .. .-..
69%
-.-. …. .. .-.. .
69%
.--. .- .-. .- --. ..- .- -.--
69%
. -.-. ..- .- -.. --- .-.
69%
-.-. --- .-.. --- -- -… .. .-
63%
…- . -. . --.. ..- . .-.. .-
56%
--. ..- -.-- .- -. .-
56%
… ..- .-. .. -. .- -- .
53%
No matching quizzes found
Score Distribution
Percent of People with Each Score
Percentile by Number Answered
Your Score History
You have not taken this quiz